[Event "Vienna Chess Open 2016 Group A"]
[Site "Grosser Festsaal im Wiener Rathaus, 1010 Wien"]
[Date "2016.08.16"]
[Round "1"]
[Board "27"]
[White "Koop, Thorben"]
[Black "Ababneh, Ghayth"]
[Result "1-0"]
[WhiteElo "2412"]
[BlackElo "2034"]
[PlyCount "114"]
[EventDate "2016.08.16"]
[EventRounds "9"]
[EventCountry "AUT"]

1.Nf3 Nf6 2.g3 b6 3.Bg2 Bb7 4.O-O e6 5.c4 Be7 6.Nc3 O-O 7.Re1 d5 8.cxd5 exd5 9.d4
Re8 10.Bf4 Nh5 11.Bd2 Nf6 12.Rc1 Nbd7 13.Ne5 c5 14.Qa4 cxd4 15.Nxd7 dxc3 16.Nxf6+
Bxf6 17.Bxc3 Bxc3 18.Rxc3 Re7 19.Qd4 Qe8 20.e3 Rd8 21.Rd1 h6 22.Qb4 d4 23.Rxd4 Rxd4
24.Qxd4 Rd7 25.Qg4 Bxg2 26.Kxg2 Qa8+ 27.e4 Qb7 28.Qf5 Rd8 29.Qe5 Rc8 30.Qd5 Qb8 31.Rd3
Re8 32.Rd4 a5 33.Qb5 Re6 34.Qd3 Qb7 35.Rd8+ Kh7 36.f3 Qe7 37.Rd7 Qf6 38.e5+ Qg6 39.f4
Qxd3 40.Rxd3 Rc6 41.Rc3 Re6 42.Kf3 f6 43.Ke4 fxe5 44.fxe5 b5 45.Rf3 Rc6 46.Rf2 Rc1
47.e6 Re1+ 48.Kd5 b4 49.b3 Kg8 50.Kd6 Rd1+ 51.Kc7 Re1 52.Kd7 Rd1+ 53.Ke8 Re1 54.e7
Rd1 55.Rf8+ Kh7 56.Kf7 Rf1+ 57.Ke6 Re1+ 1-0

[Event "Vienna Chess Open 2016 Group A"]
[Site "Grosser Festsaal im Wiener Rathaus, 1010 Wien"]
[Date "2016.08.16"]
[Round "1"]
[Board "28"]
[White "Kronemeijer, Simon"]
[Black "Nitin, Senthilvel"]
[Result "0-1"]
[WhiteElo "2034"]
[BlackElo "2398"]
[PlyCount "50"]
[EventDate "2016.08.16"]
[EventRounds "9"]
[EventCountry "AUT"]

1.e4 c5 2.Nf3 d6 3.d4 cxd4 4.Nxd4 Nf6 5.Nc3 a6 6.f4 g6 7.Be2 Bg7 8.Be3 O-O 9.Qd2 e5
10.fxe5 dxe5 11.Nf3 Nbd7 12.O-O-O b5 13.Nxe5 b4 14.Nxd7 Bxd7 15.Nd5 Nxe4 16.Ne7+ Qxe7
17.Qxd7 Qe5 18.Qd4 Qe6 19.Qd5 Nc3 20.Qxe6 Nxe2+ 21.Kd2 fxe6 22.Kxe2 Rac8 23.c3 bxc3
24.bxc3 Rxc3 25.Rd2 Rxe3+ 0-1

[Event "Vienna Chess Open 2016 Group A"]
[Site "Grosser Festsaal im Wiener Rathaus, 1010 Wien"]
[Date "2016.08.16"]
[Round "1"]
[Board "29"]
[White "Sindarov, Javokhir"]
[Black "Haas, Michael"]
[Result "1-0"]
[WhiteElo "2374"]
[BlackElo "2033"]
[PlyCount "55"]
[EventDate "2016.08.16"]
[EventRounds "9"]
[EventCountry "AUT"]

1.e4 e6 2.Qe2 d5 3.exd5 Qxd5 4.Nc3 Qd8 5.Nf3 Nf6 6.g3 b6 7.Bg2 Bb7 8.O-O Be7 9.Rd1
O-O 10.d4 Qc8 11.Bf4 Bd6 12.Be5 Nbd7 13.Nb5 Ba6 14.c4 Bxb5 15.cxb5 Nd5 16.Rac1 Qd8
17.Nd2 N7f6 18.Nc4 Qe7 19.Nxd6 cxd6 20.Bxf6 Qxf6 21.Qc4 Qf5 22.Qc6 Rfd8 23.Bxd5 exd5
24.Qb7 Re8 25.Re1 Qd3 26.Re7 Qxd4 27.Rce1 Rf8 28.Qxa8 1-0

[Event "Vienna Chess Open 2016 Group A"]
[Site "Grosser Festsaal im Wiener Rathaus, 1010 Wien"]
[Date "2016.08.16"]
[Round "1"]
[Board "30"]
[White "Marentini, Marcel"]
[Black "Guido, Flavio"]
[Result "1/2-1/2"]
[WhiteElo "2032"]
[BlackElo "2370"]
[PlyCount "52"]
[EventDate "2016.08.16"]
[EventRounds "9"]
[EventCountry "AUT"]

1.Nf3 Nf6 2.g3 g6 3.Bg2 Bg7 4.O-O d5 5.c4 d4 6.b4 c5 7.Bb2 O-O 8.d3 Re8 9.Nbd2 e5
10.bxc5 Na6 11.Nb3 Qc7 12.Ba3 Bf8 13.Rb1 Nd7 14.Nfd2 Ndxc5 15.Nxc5 Nxc5 16.Qc2 Rb8
17.Bxc5 Bxc5 18.Ne4 Be7 19.Qa4 Bd7 20.Qxa7 Bc6 21.Qb6 Qxb6 22.Rxb6 Ra8 23.Rb2 Ra4
24.c5 Rea8 25.Ra1 R4a5 26.Nd6 Bxd6 1/2-1/2

[Event "Vienna Chess Open 2016 Group A"]
[Site "Grosser Festsaal im Wiener Rathaus, 1010 Wien"]
[Date "2016.08.16"]
[Round "1"]
[Board "31"]
[White "Schwabeneder, Florian"]
[Black "Mascher, Klemens"]
[Result "1-0"]
[WhiteElo "2369"]
[BlackElo "2030"]
[PlyCount "43"]
[EventDate "2016.08.16"]
[EventRounds "9"]
[EventCountry "AUT"]

1.e4 c5 2.Nf3 Nc6 3.Bb5 g6 4.O-O Bg7 5.c3 Nf6 6.Re1 O-O 7.h3 d5 8.e5 Ne8 9.d4 Qb6
10.Bf1 cxd4 11.cxd4 Bf5 12.Nc3 Rd8 13.Na4 Qc7 14.Bf4 Qc8 15.Rc1 Nc7 16.Qd2 Be4 17.Nh2
f6 18.exf6 Bxf6 19.Ng4 Bg7 20.Nc5 Bf5 21.Ne5 Ne6 22.Nxc6 1-0

[Event "Vienna Chess Open 2016 Group A"]
[Site "Grosser Festsaal im Wiener Rathaus, 1010 Wien"]
[Date "2016.08.16"]
[Round "1"]
[Board "32"]
[White "Gombocz, Ferenc Jr."]
[Black "Miedema, David"]
[Result "0-1"]
[WhiteElo "2026"]
[BlackElo "2368"]
[PlyCount "76"]
[EventDate "2016.08.16"]
[EventRounds "9"]
[EventCountry "AUT"]

1.d4 e6 2.Nf3 Nf6 3.e3 c5 4.Bd3 Qc7 5.b3 Nc6 6.a3 b6 7.O-O Bb7 8.Bb2 Rg8 9.Nbd2 cxd4
10.exd4 g5 11.d5 Nxd5 12.Bxh7 Bg7 13.c4 Nde7 14.Bxg8 Bxb2 15.Ra2 Bg7 16.Bxf7+ Kxf7
17.Nxg5+ Kg8 18.Qh5 Qf4 19.Nde4 Ne5 20.g3 Qf5 21.f3 Bc6 22.Rd2 Rf8 23.Rdf2 Nf7 24.g4
Qg6 25.Qxg6 Nxg6 26.Rd1 d5 27.Nxf7 Kxf7 28.Ng5+ Ke7 29.Re2 Nf4 30.Ree1 Bc3 31.cxd5
Bxd5 32.Re3 Bxb3 33.Rdd3 Nxd3 34.Rxd3 Rc8 35.Ne4 Be5 36.Rxb3 Rc1+ 37.Kg2 Rc2+ 38.Nf2
Bd4 0-1

[Event "Vienna Chess Open 2016 Group A"]
[Site "Grosser Festsaal im Wiener Rathaus, 1010 Wien"]
[Date "2016.08.16"]
[Round "1"]
[Board "33"]
[White "Pirrot, Dieter"]
[Black "Arndt, Uwe"]
[Result "1-0"]
[WhiteElo "2367"]
[BlackElo "2023"]
[PlyCount "53"]
[EventDate "2016.08.16"]
[EventRounds "9"]
[EventCountry "AUT"]

1.e4 c6 2.d4 d5 3.e5 c5 4.dxc5 Nc6 5.Nf3 Bg4 6.a3 g6 7.Bb5 Bg7 8.h3 Bxf3 9.Qxf3 Bxe5
10.O-O e6 11.c4 Nge7 12.Nc3 O-O 13.Bh6 Re8 14.cxd5 exd5 15.Rad1 Nd4 16.Rxd4 Bxd4 17.Bxe8
Qxe8 18.Re1 Qd7 19.g4 Rc8 20.Nb5 Nc6 21.Nxd4 Nxd4 22.Qf6 Ne6 23.f4 Rxc5 24.Rxe6 Rc1+
25.Kg2 Rc2+ 26.Kg3 fxe6 27.Qf8# 1-0

[Event "Vienna Chess Open 2016 Group A"]
[Site "Grosser Festsaal im Wiener Rathaus, 1010 Wien"]
[Date "2016.08.16"]
[Round "1"]
[Board "34"]
[White "Trajber, Csaba"]
[Black "Dauth, Benjamin"]
[Result "1-0"]
[WhiteElo "2023"]
[BlackElo "2367"]
[PlyCount "57"]
[EventDate "2016.08.16"]
[EventRounds "9"]
[EventCountry "AUT"]

1.e4 e5 2.Nf3 Nc6 3.d4 Qf6 4.d5 Nd4 5.Nxd4 exd4 6.Bd3 g5 7.c3 h6 8.O-O Bc5 9.e5 Qg7
10.b4 Be7 11.cxd4 Bxb4 12.Bb2 Be7 13.Nc3 a6 14.d6 cxd6 15.Nd5 Rb8 16.Qc2 dxe5 17.dxe5
Bd8 18.e6 f6 19.e7 Bxe7 20.Rfe1 b5 21.Rxe7+ Nxe7 22.Re1 Bb7 23.Rxe7+ Qxe7 24.Nxe7
Kxe7 25.Qc5+ d6 26.Qc7+ Ke6 27.g4 Rhe8 28.Bg6 Bf3 29.Qf7# 1-0

[Event "Vienna Chess Open 2016 Group A"]
[Site "Grosser Festsaal im Wiener Rathaus, 1010 Wien"]
[Date "2016.08.16"]
[Round "1"]
[Board "35"]
[White "Kokol, Peter"]
[Black "Kuhn, Gerhard"]
[Result "1-0"]
[WhiteElo "2360"]
[BlackElo "2021"]
[PlyCount "93"]
[EventDate "2016.08.16"]
[EventRounds "9"]
[EventCountry "AUT"]

1.e4 c6 2.d4 d5 3.e5 Bf5 4.Nc3 e6 5.g4 Bg6 6.Nge2 Nd7 7.Nf4 Ne7 8.h4 h6 9.Nxg6 Nxg6
10.h5 Ne7 11.Be3 Qb6 12.Qd3 c5 13.dxc5 Nxc5 14.Qb5+ Nc6 15.O-O-O Qxb5 16.Nxb5 O-O-O
17.f4 Kb8 18.Bg2 Be7 19.Rhe1 a6 20.Nd6 Bxd6 21.exd6 Nd7 22.c4 Nf6 23.cxd5 exd5 24.Bc5
Nxg4 25.Bxd5 Nf6 26.Bxf7 Nd7 27.Bd4 Rhf8 28.Bg6 Nxd4 29.Rxd4 Rf6 30.Re7 Nc5 31.f5
Rfxd6 32.Rxd6 Rxd6 33.Rxg7 Nd3+ 34.Kc2 Ne1+ 35.Kc3 Nf3 36.Rh7 Nh4 37.Rxh6 Ka7 38.Rh7
Rf6 39.Kd4 Rf8 40.Ke5 Nf3+ 41.Ke6 Ng5+ 42.Ke7 Rc8 43.Rf7 Rc2 44.Kf6 Nxf7 45.Bxf7 Rxb2
46.h6 Rh2 47.Kg7 1-0

[Event "Vienna Chess Open 2016 Group A"]
[Site "Grosser Festsaal im Wiener Rathaus, 1010 Wien"]
[Date "2016.08.16"]
[Round "1"]
[Board "36"]
[White "Mayrhuber, Nikola"]
[Black "Foisor, Cristina"]
[Result "0-1"]
[WhiteElo "2020"]
[BlackElo "2351"]
[PlyCount "60"]
[EventDate "2016.08.16"]
[EventRounds "9"]
[EventCountry "AUT"]

1.d4 g6 2.c4 Bg7 3.Nf3 c5 4.d5 f5 5.Nc3 Bxc3+ 6.bxc3 Qa5 7.Qb3 Nf6 8.g3 d6 9.Bg2 Nbd7
10.O-O Nb6 11.Nd2 Bd7 12.Qc2 Qa4 13.Qd3 O-O-O 14.f4 Rhe8 15.e3 e6 16.Re1 exd5 17.Bxd5
Nfxd5 18.cxd5 Bb5 19.c4 Bxc4 20.Nxc4 Qxc4 21.Qxc4 Nxc4 22.Kf2 b5 23.Rb1 b4 24.Re2
Re4 25.Rc2 Nb6 26.Rd2 Rde8 27.Rd3 a5 28.a3 Kb7 29.Rd1 Rc4 30.Rd2 Rc3 0-1

[Event "Vienna Chess Open 2016 Group A"]
[Site "Grosser Festsaal im Wiener Rathaus, 1010 Wien"]
[Date "2016.08.17"]
[Round "2"]
[Board "1"]
[White "Sadilek, Peter"]
[Black "Ragger, Markus"]
[Result "0-1"]
[WhiteElo "2201"]
[BlackElo "2686"]
[PlyCount "88"]
[EventDate "2016.08.16"]
[EventRounds "9"]
[EventCountry "AUT"]

1.d4 Nf6 2.c4 e6 3.g3 d5 4.Nf3 Bb4+ 5.Bd2 Bd6 6.Bg2 c6 7.Qc2 O-O 8.O-O Nbd7 9.Bg5
h6 10.Bxf6 Nxf6 11.Nbd2 b6 12.e4 Be7 13.cxd5 cxd5 14.e5 Nd7 15.Rfc1 Nb8 16.Bf1 Bd7
17.Qb3 Nc6 18.a3 a5 19.Qe3 a4 20.Bd3 Na5 21.h4 Qe8 22.h5 Bb5 23.Ne1 Bxd3 24.Nxd3 b5
25.Rc2 Qd7 26.f4 Rab8 27.Nf3 Rfc8 28.Rg2 Rc4 29.g4 Qa7 30.Rd1 Nc6 31.Nf2 b4 32.Rd3
bxa3 33.bxa3 Rb3 34.Rxb3 axb3 35.Qxb3 Nxd4 36.Qd3 Qxa3 37.Nxd4 Qa1+ 38.Kh2 Rxd4 39.Qf3
Qf1 40.Rg1 Qc4 41.Kg3 Bb4 42.Rb1 Bd2 43.Rb8+ Kh7 44.Rb7 Be1 0-1

[Event "Vienna Chess Open 2016 Group A"]
[Site "Grosser Festsaal im Wiener Rathaus, 1010 Wien"]
[Date "2016.08.17"]
[Round "2"]
[Board "2"]
[White "Buhmann, Rainer"]
[Black "Knoflicek, Ctibor"]
[Result "1-0"]
[WhiteElo "2641"]
[BlackElo "2200"]
[PlyCount "83"]
[EventDate "2016.08.16"]
[EventRounds "9"]
[EventCountry "AUT"]

1.d4 Nf6 2.c4 e6 3.Nf3 b6 4.a3 Ba6 5.Qc2 Bb7 6.Nc3 c5 7.e4 cxd4 8.Nxd4 Bc5 9.Nf3 Nc6
10.b4 Nd4 11.Qd2 Nxf3+ 12.gxf3 Be7 13.Rg1 O-O 14.Bb2 a5 15.b5 Kh8 16.O-O-O d6 17.Kb1
Rg8 18.Qe3 Qc7 19.f4 Nd7 20.Bd3 Nc5 21.Bc2 e5 22.Nd5 Bxd5 23.exd5 e4 24.f3 Bf6 25.fxe4
Bxb2 26.Kxb2 Rge8 27.Qd4 f5 28.exf5 Qf7 29.Rde1 Qf6 30.Kc3 Rac8 31.h3 Rb8 32.Re6 Nxe6
33.dxe6 Qh6 34.Rg3 Rbd8 35.Bd3 Qf6 36.Be4 Re7 37.Qxf6 gxf6 38.Bc6 Rg8 39.Rxg8+ Kxg8
40.Kd4 Rg7 41.Kd5 Rg1 42.e7 1-0

[Event "Vienna Chess Open 2016 Group A"]
[Site "Grosser Festsaal im Wiener Rathaus, 1010 Wien"]
[Date "2016.08.17"]
[Round "2"]
[Board "3"]
[White "Low, Zhen Yu Cyrus"]
[Black "Mastrovasilis, Dimitrios"]
[Result "0-1"]
[WhiteElo "2197"]
[BlackElo "2603"]
[PlyCount "72"]
[EventDate "2016.08.16"]
[EventRounds "9"]
[EventCountry "AUT"]

1.e4 d5 2.exd5 Qxd5 3.Nc3 Qd6 4.d4 Nf6 5.Nf3 g6 6.Bc4 Bg7 7.O-O O-O 8.h3 a6 9.a4 Nc6
10.b3 Ne8 11.Ba3 Qd8 12.Re1 Nd6 13.Bd5 Bd7 14.Ne5 e6 15.Bxc6 Bxc6 16.Nxc6 bxc6 17.Ne4
Nxe4 18.Bxf8 Nxf2 19.Qf3 Nxh3+ 20.gxh3 Bxd4+ 21.Kh1 Bxa1 22.Bc5 Qf6 23.Qxc6 Rd8 24.Be7
Qxe7 25.Rxa1 Qf6 26.Rg1 Rd5 27.Qxc7 Qf3+ 28.Rg2 Qxh3+ 29.Qh2 Rd1+ 30.Rg1 Qf3+ 31.Qg2
Qh5+ 32.Qh2 Rxg1+ 33.Kxg1 Qd1+ 34.Kg2 Qxc2+ 35.Kh1 Qxh2+ 36.Kxh2 Kf8 0-1

[Event "Vienna Chess Open 2016 Group A"]
[Site "Grosser Festsaal im Wiener Rathaus, 1010 Wien"]
[Date "2016.08.17"]
[Round "2"]
[Board "4"]
[White "Vorobiov, Evgeny"]
[Black "Exler, Veronika"]
[Result "1-0"]
[WhiteElo "2586"]
[BlackElo "2194"]
[PlyCount "69"]
[EventDate "2016.08.16"]
[EventRounds "9"]
[EventCountry "AUT"]

1.d4 d5 2.c4 c6 3.Nf3 Nf6 4.e3 Bf5 5.cxd5 cxd5 6.Nc3 e6 7.Ne5 Bd6 8.g4 Bg6 9.h4 h6
10.Nxg6 fxg6 11.Bd3 Kf7 12.Qf3 g5 13.Bd2 Nc6 14.O-O-O gxh4 15.Rxh4 g5 16.Rh3 Kg7 17.Rdh1
a6 18.Qg2 b5 19.f4 Qc7 20.Kd1 b4 21.Ne2 b3 22.axb3 Qb6 23.Bc2 Nb4 24.Bxb4 Bxb4 25.fxg5
hxg5 26.Rxh8 Rxh8 27.Rxh8 Kxh8 28.Qh2+ Kg7 29.Qe5 Qd8 30.Qxg5+ Kf7 31.Nf4 Qh8 32.Bg6+
Ke7 33.Bh5 Qd8 34.Nd3 a5 35.Ne5 1-0

[Event "Vienna Chess Open 2016 Group A"]
[Site "Grosser Festsaal im Wiener Rathaus, 1010 Wien"]
[Date "2016.08.17"]
[Round "2"]
[Board "5"]
[White "Barthel, Ansgar"]
[Black "Shengelia, David"]
[Result "0-1"]
[WhiteElo "2194"]
[BlackElo "2572"]
[PlyCount "94"]
[EventDate "2016.08.16"]
[EventRounds "9"]
[EventCountry "AUT"]

1.e4 c5 2.b3 Nf6 3.e5 Nd5 4.Bb2 g6 5.Nc3 Nxc3 6.Bxc3 Nc6 7.f4 Bg7 8.Nf3 O-O 9.Bb5
Qc7 10.O-O a6 11.Bxc6 Qxc6 12.a4 b6 13.Qe2 Bb7 14.Rae1 b5 15.axb5 axb5 16.Ra1 b4 17.Bb2
d5 18.d3 Bh6 19.Ng5 d4 20.Qg4 Qd5 21.Nf3 f6 22.exf6 exf6 23.Qh4 Kg7 24.Rfe1 Rxa1 25.Rxa1
Re8 26.Re1 Rxe1+ 27.Nxe1 Qe6 28.Bc1 Qe2 29.Qf2 Qd1 30.Qd2 Qh5 31.Qf2 Kf7 32.Nf3 Bf8
33.Bd2 Bd6 34.Ne5+ Kg7 35.Nc4 Bc7 36.Qe1 Kf7 37.h3 Qd5 38.Qe2 h5 39.Qf2 Qc6 40.Kf1
Bc8 41.Qe2 Qa8 42.Kf2 Be6 43.Qd1 Bd5 44.f5 Bxg2 45.fxg6+ Kxg6 46.h4 Bh3 47.Qg1+ Bg4 0-1

[Event "Vienna Chess Open 2016 Group A"]
[Site "Grosser Festsaal im Wiener Rathaus, 1010 Wien"]
[Date "2016.08.17"]
[Round "2"]
[Board "6"]
[White "Burmakin, Vladimir"]
[Black "Branding, Volker"]
[Result "1-0"]
[WhiteElo "2553"]
[BlackElo "2194"]
[PlyCount "73"]
[EventDate "2016.08.16"]
[EventRounds "9"]
[EventCountry "AUT"]

1.d4 c5 2.d5 g6 3.g3 Bg7 4.Bg2 d6 5.a4 Nf6 6.Nf3 O-O 7.O-O Na6 8.Nc3 Bg4 9.h3 Bxf3
10.exf3 Nc7 11.Re1 Re8 12.Kh2 b6 13.f4 a6 14.Qd3 Qd7 15.g4 Bf8 16.Ne2 b5 17.Ng3 Qc8
18.f5 Qb7 19.Rd1 Bg7 20.f4 Nd7 21.Qf3 Nb6 22.a5 Nd7 23.h4 b4 24.h5 Nb5 25.fxg6 hxg6
26.hxg6 Nd4 27.Rxd4 cxd4 28.Qe4 Nf8 29.gxf7+ Kxf7 30.Nf5 Qa7 31.b3 Qc5 32.Nxg7 Kxg7
33.Bb2 e5 34.dxe6 Nxe6 35.f5 Qe5+ 36.Qxe5+ dxe5 37.Bxa8 1-0

[Event "Vienna Chess Open 2016 Group A"]
[Site "Grosser Festsaal im Wiener Rathaus, 1010 Wien"]
[Date "2016.08.17"]
[Round "2"]
[Board "7"]
[White "Trkulja, Zoran"]
[Black "Ponizil , Cyril "]
[Result "0-1"]
[WhiteElo "2189"]
[BlackElo "2510"]
[PlyCount "54"]
[EventDate "2016.08.16"]
[EventRounds "9"]
[EventCountry "AUT"]

1.e4 c5 2.b4 cxb4 3.d4 d5 4.e5 Nc6 5.Nf3 Bg4 6.Be2 Qb6 7.Bb2 e6 8.O-O Nge7 9.Nbd2
Ng6 10.c4 bxc3 11.Bxc3 Bf5 12.a4 Bb4 13.Bxb4 Qxb4 14.Qb3 O-O 15.Rfc1 Qb6 16.Qe3 h6
17.Nb3 a5 18.Nc5 Rfc8 19.Ne1 Nge7 20.g4 Bh7 21.Ra3 Qb4 22.Nf3 Nxd4 23.Nxd4 Rxc5 24.Rxc5
Qxc5 25.Rc3 Qb4 26.Rb3 Qxa4 27.Rxb7 Nc6 0-1

[Event "Vienna Chess Open 2016 Group A"]
[Site "Grosser Festsaal im Wiener Rathaus, 1010 Wien"]
[Date "2016.08.17"]
[Round "2"]
[Board "8"]
[White "Manolache, Marius"]
[Black "Albadri, Abd Al Sattar"]
[Result "1-0"]
[WhiteElo "2492"]
[BlackElo "2183"]
[PlyCount "39"]
[EventDate "2016.08.16"]
[EventRounds "9"]
[EventCountry "AUT"]

1.d4 Nf6 2.Bg5 e6 3.Nd2 d5 4.e3 Nbd7 5.f4 c5 6.c3 Bd6 7.Bd3 O-O 8.Nh3 Qc7 9.O-O b6
10.Rc1 Bb7 11.Qf3 Rac8 12.Qg3 Kh8 13.Nf2 Rfe8 14.Qh4 Bc6 15.b4 cxb4 16.cxb4 Bxb4 17.Nf3
Ne4 18.Ne5 Nxe5 19.fxe5 Qb7 20.Rxc6 1-0

[Event "Vienna Chess Open 2016 Group A"]
[Site "Grosser Festsaal im Wiener Rathaus, 1010 Wien"]
[Date "2016.08.17"]
[Round "2"]
[Board "9"]
[White "Hertneck, Gerald"]
[Black "Larmuseau, Michiel"]
[Result "1-0"]
[WhiteElo "2469"]
[BlackElo "2177"]
[PlyCount "93"]
[EventDate "2016.08.16"]
[EventRounds "9"]
[EventCountry "AUT"]

1.d4 Nf6 2.c4 e6 3.Nc3 Bb4 4.e3 b6 5.Nge2 Bb7 6.a3 Be7 7.d5 O-O 8.g3 d6 9.Bg2 Re8
10.O-O c6 11.b4 exd5 12.cxd5 c5 13.bxc5 bxc5 14.Rb1 Ba6 15.Nb5 Nbd7 16.Nec3 Nb6 17.e4
Bf8 18.f4 g6 19.Re1 Bb7 20.a4 Nfd7 21.a5 Nc8 22.Qa4 a6 23.Na3 Qc7 24.Nc4 Bg7 25.e5
Rb8 26.Ne4 dxe5 27.fxe5 Kf8 28.d6 Qc6 29.Qxc6 Bxc6 30.Rxb8 Nxb8 31.Nxc5 Bb5 32.Re4
f5 33.exf6 Bxf6 34.Bh6+ Kf7 35.Rf4 Bxc4 36.d7 Rd8 37.Bh3 Nd6 38.Bg5 Nf5 39.Bxf6 Kxf6
40.Bxf5 gxf5 41.Rxc4 Nxd7 42.Rd4 Ke7 43.Nxa6 Ra8 44.Nb4 Ne5 45.Rd5 Ke6 46.Rb5 Rd8
47.Rxe5+ 1-0

[Event "Vienna Chess Open 2016 Group A"]
[Site "Grosser Festsaal im Wiener Rathaus, 1010 Wien"]
[Date "2016.08.17"]
[Round "2"]
[Board "10"]
[White "Ferster, Fabian"]
[Black "Arkell, Keith"]
[Result "0-1"]
[WhiteElo "2186"]
[BlackElo "2464"]
[PlyCount "124"]
[EventDate "2016.08.16"]
[EventRounds "9"]
[EventCountry "AUT"]

1.Nf3 d6 2.c4 c5 3.d4 cxd4 4.Nxd4 Nc6 5.Nc3 g6 6.e4 Bg7 7.Nc2 Bxc3+ 8.bxc3 Nf6 9.f3
Qa5 10.Be2 Qxc3+ 11.Bd2 Qe5 12.O-O g5 13.f4 gxf4 14.Bxf4 Qe6 15.Nd4 Nxd4 16.Qxd4 Rg8
17.e5 dxe5 18.Qxe5 Qxe5 19.Bxe5 Nd7 20.Bd4 Nf8 21.Bh5 Ng6 22.Rab1 Be6 23.Rxb7 Bxc4
24.Rc1 Bd5 25.Rbc7 Nf4 26.Bc5 Nxh5 27.Rxe7+ Kd8 28.Re5 Nf4 29.Rd1 Kc7 30.Kf2 Rae8
31.Rexd5 Nxd5 32.Rxd5 Rd8 33.Rf5 Rd2+ 34.Kf3 Rd3+ 35.Ke4 Rd7 36.Bxa7 Rxg2 37.Ra5 Rxh2
38.Bc5 Kc6 39.Bf8 Rh4+ 40.Ke3 Rdd4 41.Rf5 Rd7 42.a3 Kc7 43.Bc5 Kd8 44.Bb4 Rb7 45.Rd5+
Ke8 46.Re5+ Kd7 47.Re7+ Kc6 48.Re5 Rb5 49.Re8 Rf5 50.Re7 h5 51.Re8 Rg4 52.Rh8 Kd5
53.Rd8+ Kc4 54.Rc8+ Kb3 55.Rh8 Rfg5 56.Rh7 Re5+ 57.Kf3 Rf5+ 58.Ke3 Kc4 59.Rh8 Re5+
60.Kf3 Rgg5 61.Kf4 Kd3 62.Rd8+ Rd5 0-1

[Event "Vienna Chess Open 2016 Group A"]
[Site "Grosser Festsaal im Wiener Rathaus, 1010 Wien"]
[Date "2016.08.17"]
[Round "2"]
[Board "11"]
[White "Berescu, Alin-Mile"]
[Black "Batyte, Daiva"]
[Result "1-0"]
[WhiteElo "2458"]
[BlackElo "2173"]
[PlyCount "75"]
[EventDate "2016.08.16"]
[EventRounds "9"]
[EventCountry "AUT"]

1.d4 Nf6 2.c4 g6 3.Nc3 Bg7 4.e4 d6 5.Nf3 O-O 6.Be2 c5 7.O-O Na6 8.Re1 Bg4 9.d5 Nc7
10.Bf4 Nd7 11.a4 a5 12.Ra3 Nb6 13.Bf1 Re8 14.h3 Bxf3 15.Qxf3 e5 16.Bc1 Na6 17.Qd1
Nb4 18.Nb5 Nc8 19.h4 Na7 20.Bg5 f6 21.Bd2 Nxb5 22.axb5 b6 23.Rh3 Ra7 24.h5 g5 25.h6
Bf8 26.Be2 Qc7 27.Bg4 Be7 28.Be6+ Kh8 29.Ree3 Bd8 30.Ref3 Qe7 31.Rf5 Rg8 32.Bxg8 Kxg8
33.Rhf3 Qe8 34.Rxf6 Bxf6 35.Rxf6 a4 36.Qg4 Nd3 37.Bxg5 Qd7 38.Rf5 1-0

[Event "Vienna Chess Open 2016 Group A"]
[Site "Grosser Festsaal im Wiener Rathaus, 1010 Wien"]
[Date "2016.08.17"]
[Round "2"]
[Board "12"]
[White "Rathnakaran, Kantholi"]
[Black "Wagner, Gregor"]
[Result "1-0"]
[WhiteElo "2452"]
[BlackElo "2170"]
[PlyCount "63"]
[EventDate "2016.08.16"]
[EventRounds "9"]
[EventCountry "AUT"]

1.e4 c5 2.Nf3 d6 3.c3 Nf6 4.h3 g6 5.Bd3 Bg7 6.Bc2 O-O 7.O-O e5 8.d3 Nc6 9.a4 h6 10.Na3
Be6 11.Be3 Nh5 12.Rb1 Qf6 13.Nb5 Qe7 14.d4 a6 15.d5 axb5 16.dxe6 fxe6 17.axb5 Nd8
18.g3 Qf6 19.Nh2 Nf7 20.Qg4 Kh7 21.f4 exf4 22.gxf4 e5 23.f5 Bh8 24.Kh1 Ng7 25.Rg1
g5 26.h4 h5 27.hxg5 hxg4 28.gxf6 Nh5 29.Rxg4 Nxf6 30.Rh4+ Kg8 31.Rg1+ Bg7 32.Ng4 1-0

[Event "Vienna Chess Open 2016 Group A"]
[Site "Grosser Festsaal im Wiener Rathaus, 1010 Wien"]
[Date "2016.08.17"]
[Round "2"]
[Board "13"]
[White "Kharmunova, Nadezhda"]
[Black "Froewis, Georg"]
[Result "0-1"]
[WhiteElo "2180"]
[BlackElo "2449"]
[PlyCount "98"]
[EventDate "2016.08.16"]
[EventRounds "9"]
[EventCountry "AUT"]

1.Nf3 d5 2.g3 Bg4 3.Bg2 Nd7 4.O-O e6 5.d4 Ngf6 6.b3 Be7 7.Bb2 O-O 8.c4 c6 9.Nc3 a6
10.h3 Bh5 11.Rc1 b5 12.cxd5 cxd5 13.Ne5 Rc8 14.Qe1 Qb6 15.g4 Bg6 16.g5 Nxe5 17.gxf6
gxf6 18.dxe5 fxe5 19.Kh1 d4 20.Ne4 f5 21.Ng3 Bg5 22.e3 Rxc1 23.Bxc1 Rc8 24.f4 Bh4
25.exd4 Qxd4 26.Ne2 Bxe1 27.Nxd4 Rxc1 28.Nf3 Bd2 29.Nxd2 Rxf1+ 30.Nxf1 exf4 31.Bb7
Be8 32.Bxa6 Kf7 33.Bb7 e5 34.Kg2 e4 35.Nd2 Ke6 36.b4 Ke5 37.Nb3 f3+ 38.Kg3 Bh5 39.Bc6
f4+ 40.Kf2 e3+ 41.Kf1 f2 42.Bxb5 Bg6 43.Nc5 f3 44.Bd3 Bf7 45.a4 Kd4 46.a5 Kc3 47.Ba6
Bd5 48.Nd3 Kd2 49.Nf4 Be6 0-1

[Event "Vienna Chess Open 2016 Group A"]
[Site "Grosser Festsaal im Wiener Rathaus, 1010 Wien"]
[Date "2016.08.17"]
[Round "2"]
[Board "14"]
[White "Schreiner, Peter"]
[Black "Wecker, Martin"]
[Result "1-0"]
[WhiteElo "2445"]
[BlackElo "2148"]
[PlyCount "80"]
[EventDate "2016.08.16"]
[EventRounds "9"]
[EventCountry "AUT"]

1.d4 Nf6 2.c4 e6 3.Nf3 d5 4.g3 c5 5.cxd5 exd5 6.Bg2 Nc6 7.O-O Be7 8.Nc3 O-O 9.dxc5
Bxc5 10.Na4 Be7 11.Be3 Bg4 12.Rc1 Re8 13.Nc5 Qb6 14.Nb3 Qa6 15.a3 Rac8 16.Re1 h6 17.h3
Bd7 18.Nc5 Bxc5 19.Bxc5 b6 20.Bd6 Bf5 21.Bf1 Qb7 22.Nd4 Nxd4 23.Qxd4 Re4 24.Qd2 Rxc1
25.Qxc1 Qd7 26.Qc7 Bxh3 27.Qxd7 Bxd7 28.Bb8 a6 29.Ba7 b5 30.Rd1 Re8 31.f3 Be6 32.e3
Rc8 33.Bd4 Nd7 34.a4 bxa4 35.Bxa6 Rb8 36.Ra1 Nb6 37.Bb5 Nc4 38.Bxa4 Nxb2 39.Rb1 Rb4
40.Bc2 Rxd4 1-0

[Event "Vienna Chess Open 2016 Group A"]
[Site "Grosser Festsaal im Wiener Rathaus, 1010 Wien"]
[Date "2016.08.17"]
[Round "2"]
[Board "15"]
[White "Hovsepyan, Vardan"]
[Black "Williams, Simon"]
[Result "0-1"]
[WhiteElo "2173"]
[BlackElo "2443"]
[PlyCount "68"]
[EventDate "2016.08.16"]
[EventRounds "9"]
[EventCountry "AUT"]

1.e4 e6 2.d4 d5 3.Nc3 Bb4 4.exd5 exd5 5.Bd3 Nc6 6.Nge2 Nge7 7.Bg5 f6 8.Be3 Bf5 9.a3
Bxc3+ 10.Nxc3 Qd7 11.f3 O-O 12.Be2 Rae8 13.Qd2 Nc8 14.O-O-O Nb6 15.g4 Bg6 16.h4 Na5
17.h5 Bxc2 18.Qxc2 Rxe3 19.Bd3 h6 20.Rhe1 Rfe8 21.Bh7+ Kh8 22.Bf5 Qe7 23.Rxe3 Qxe3+
24.Kb1 Nac4 25.Bg6 Re7 26.Rd3 Qe6 27.Ka2 a6 28.Qh2 Nd6 29.Rd2 Nb5 30.Ne2 Nc4 31.Nf4
Qd6 32.Rd3 Kg8 33.a4 Na7 34.b3 Qa3+ 0-1

[Event "Vienna Chess Open 2016 Group A"]
[Site "Grosser Festsaal im Wiener Rathaus, 1010 Wien"]
[Date "2016.08.17"]
[Round "2"]
[Board "16"]
[White "Zawadzka, Jolanta"]
[Black "Wuethrich, Lorenz"]
[Result "1-0"]
[WhiteElo "2439"]
[BlackElo "2147"]
[PlyCount "71"]
[EventDate "2016.08.16"]
[EventRounds "9"]
[EventCountry "AUT"]

1.e4 c5 2.Nf3 Nc6 3.d4 cxd4 4.Nxd4 g6 5.c4 Bg7 6.Be3 d6 7.Nc3 Nf6 8.Be2 O-O 9.O-O
Nxd4 10.Bxd4 Bd7 11.f3 Bc6 12.Qd2 a5 13.b3 Nd7 14.Be3 Nc5 15.Rab1 e6 16.Rbc1 Qe7 17.Rfe1
Rfd8 18.Bf1 h5 19.Nd5 Bxd5 20.cxd5 e5 21.Qe2 Kh7 22.Rc2 Bh6 23.Bf2 b6 24.Rb1 f5 25.a3
fxe4 26.fxe4 Rac8 27.g3 Rf8 28.Bh3 Ra8 29.b4 axb4 30.axb4 Na4 31.Qb5 Qf6 32.Rf1 Qf3
33.Rc7+ Rf7 34.Rxf7+ Qxf7 35.Qc6 Qe8 36.Qxe8 1-0